| 000 | 01309nam a2200325Ia 4500 | ||
|---|---|---|---|
| 001 | ebr10159553 | ||
| 003 | CaPaEBR | ||
| 006 | m u | ||
| 007 | cr cn||||||||| | ||
| 008 | 021231r20031986mnu s s000 0deng d | ||
| 020 | _z0816642672 (acid-free paper) | ||
| 040 |
_aCaPaEBR _cCaPaEBR |
||
| 035 | _a(OCoLC)228145236 | ||
| 050 | 1 | 4 |
_aF614.D8 _bC76 2003eb |
| 082 | 0 | 4 |
_a977.6/771 _221 |
| 100 | 1 | _aCook, Sam. | |
| 245 | 1 | 0 |
_aUp North _h[electronic resource] / _cSam Cook ; illustrations by Bob Cary. |
| 250 | _a1st University of Minnesota Press ed. | ||
| 260 |
_aMinneapolis : _bUniversity of Minnesota Press, _c2003. |
||
| 300 | _a180 p. | ||
| 500 | _aOriginally published: Duluth, MN : Pfeifer-Hamilton, c1986. | ||
| 533 |
_aElectronic reproduction. _bPalo Alto, Calif. : _cebrary, _d2009. _nAvailable via World Wide Web. _nAccess may be limited to ebrary affiliated libraries. |
||
| 600 | 1 | 0 | _aCook, Sam. |
| 650 | 0 |
_aOutdoor life _zMinnesota _zDuluth Region. |
|
| 651 | 0 |
_aDuluth Region (Minn.) _xDescription and travel. |
|
| 651 | 0 |
_aDuluth Region (Minn.) _xSocial life and customs. |
|
| 655 | 7 |
_aElectronic books. _2local |
|
| 710 | 2 | _aebrary, Inc. | |
| 856 | 4 | 0 |
_uhttp://site.ebrary.com/lib/rucke/Doc?id=10159553 _zAn electronic book accessible through the World Wide Web; click to view |
| 999 |
_c244826 _d244826 |
||